000
00267nam a2200097Ia 4500
005
20251222114411.0
008
251222s1900||||xx |||||||||||||| ||spa||
082
_a
DVD191.3/U61/2006
245
0
_a
Seminario internacional: gratuidad, creatividad y desarrollo:
942
_c
DVD
999
_c
2045
_d
2045